[Event "FIDE World Cup"]
[Site "Tbilisi"]
[Date "2017.09.03"]
[Round "1.1"]
[White "Nguyen, Ngoc Truong Son"]
[Black "Adhiban, Baskaran"]
[Result "1/2-1/2"]
[WhiteElo "2629"]
[BlackElo "2670"]
[Annotator "Adhiban,B"]
[PlyCount "29"]
[EventDate "2017.09.03"]
[EventType "k.o."]
[EventRounds "7"]
[EventCountry "GEO"]
[SourceTitle "CBM 181"]
[Source "ChessBase"]
[SourceDate "2017.11.10"]
[SourceVersion "1"]
[SourceVersionDate "2017.11.10"]
[SourceQuality "1"]

{For this World Cup, I had missed out on many qualification spots... but
luckily I was awarded the FIDE nominee and I was eager to utilise it to the
fullest extent!} 1. Nf3 d5 2. d4 e6 3. c4 c6 $5 {An interesting line.} 4. e3 ({
In the same event, in the same round on the first rapid day (1.3) there
followed} 4. g3 dxc4 5. Bg2 b5 6. Ne5 Bb7 7. O-O a6 8. Nc3 Bb4 (8... Nf6 {
would transpose to the main lines.}) 9. a4 Ne7 10. Ne4 Nd7 $2 {Falling into a
hilarious tactical shot.} (10... f6 11. Nf3 O-O {was totally fine for Black
and White still has to show compensation for the pawn.}) 11. Bd2 $1 Bxd2 12.
Nd6+ Kf8 13. Nexf7 Qc7 14. Qxd2 {(Wei Yi-Sambuev Tbilisi GEO 2017) and White
brought home the point.}) 4... Bd6 {I wonder if there is any difference
between ...f5 and ...Bd6.} (4... f5 {is also the same apparently.} 5. Bd3 Nf6)
5. b3 f5 6. Bd3 Nf6 7. O-O O-O (7... Qe7 {was a better option.}) 8. Ba3 b6 9.
Qc1 a5 $5 (9... Bb7 10. cxd5 $5 {I didn't want to allow this option.} cxd5 11.
Ne5) ({My main concern after} 9... Ba6 10. Ne5 {[%csl Ya6] was that my bishop
would be hanging on a6 in many cases.} c5 11. Rd1 {It is not clear how I
should proceed here.}) 10. Nbd2 {This is definitely wrong as the knight looks
misplaced on d2 and doesn't join in the fight on the centre.} (10. Ne5 c5 {
was my idea.}) (10. Nc3 $14 {gave him a huge plus.}) 10... Ba6 11. Ne5 c5 $1 {
Thanks to White's unambitious play, Black is doing fine here.} 12. Ndf3 Nbd7
13. Rd1 (13. cxd5 {doesn't work due to} Nxe5 14. Nxe5 (14. dxe5 Bxd3 $17) 14...
Bxe5 15. Bxa6 Bxh2+ $17) 13... Rc8 (13... Bb7 $1 {was safer with equality.})
14. Nxd7 {I pend lots of time and was not sure if cxd5 worked or not, So I
decided to take the safer route.} ({White had to play} 14. cxd5 $1 Bxd3 15.
dxe6 cxd4 {was a complete mess.} 16. Nc6 Rxc6 $1 (16... Qc7 17. exd7 Nxd7 (
17... Qxd7 18. Nfxd4) 18. Bxd6 Qxd6 19. Rxd3 $16) 17. Qxc6 Bxa3 18. Rxd3 Nc5
19. Rxd4 Qe7 20. Rc4 $14 {White can push without any risk.}) 14... Qxd7 15.
dxc5 {Here he offered a draw and I felt there wasn't much chance to get
something so I decided to call it a day.} (15. dxc5 Bxc5 (15... bxc5 16. cxd5
Bxd3 17. dxe6 (17. Rxd3 exd5 (17... Nxd5 18. Qc4) 18. Qd1 (18. Bb2 c4 19. bxc4
dxc4) 18... Rfd8 {is fine for Black.}) 17... Qb5 18. Ne1 Be5 19. Nxd3 Bxa1 20.
Qxa1 Rfd8 {with chances for both sides.}) 16. Bb2 $1 {A key move with an
interesting struggle.} (16. Bxc5 Rxc5 {is nothing.})) 1/2-1/2

[Event "FIDE World Cup"]
[Site "Tbilisi"]
[Date "2017.09.03"]
[Round "1.1"]
[White "Piorun, Kacper"]
[Black "Hou, Yifan"]
[Result "1/2-1/2"]
[WhiteElo "2644"]
[BlackElo "2652"]
[PlyCount "79"]
[EventDate "2017.09.03"]
[EventType "k.o."]
[EventRounds "7"]
[EventCountry "GEO"]
[SourceTitle "CBM 181"]
[Source "ChessBase"]
[SourceDate "2017.11.10"]
[SourceVersion "1"]
[SourceVersionDate "2017.11.10"]
[SourceQuality "1"]

1. Nf3 Nf6 2. c4 e6 3. g3 d5 4. d4 Be7 5. Bg2 O-O 6. O-O dxc4 7. Qc2 a6 8. a4
c5 9. dxc5 Bxc5 10. Qxc4 b6 11. Ne5 Ra7 12. Nd3 Be7 13. Bf4 Bb7 14. Bxb7 Rxb7
15. Nd2 b5 16. axb5 axb5 17. Qc2 Nd5 18. Be5 Nd7 19. Bd4 Qb8 20. Nf3 h6 21.
Rfc1 Rc7 22. Qb3 Rfc8 23. Rxc7 Rxc7 24. Nfe5 Bf6 25. e4 Bxe5 26. Nxe5 N5f6 27.
Qe3 Qd8 28. Nd3 Rc4 29. f3 Qb8 30. b3 Rc8 31. Qd2 e5 32. Be3 Qd6 33. Nb4 Qe6
34. Qd3 Nc5 35. Bxc5 Rxc5 36. Kg2 Kh7 37. Ra7 Rc1 38. Nd5 Nxd5 39. exd5+ Qg6
40. Qxg6+ 1/2-1/2

[Event "FIDE World Cup"]
[Site "Tbilisi"]
[Date "2017.09.03"]
[Round "1.1"]
[White "Ponomariov, Ruslan"]
[Black "Sethuraman, SP."]
[Result "1/2-1/2"]
[WhiteElo "2692"]
[BlackElo "2618"]
[PlyCount "31"]
[EventDate "2017.09.03"]
[EventType "k.o."]
[EventRounds "7"]
[EventCountry "GEO"]
[SourceTitle "CBM 181"]
[Source "ChessBase"]
[SourceDate "2017.11.10"]
[SourceVersion "1"]
[SourceVersionDate "2017.11.10"]
[SourceQuality "1"]

1. e4 e5 2. Nf3 Nc6 3. Bc4 Bc5 4. c3 Nf6 5. d3 O-O 6. Nbd2 d6 7. b4 Bb6 8. O-O
Ne7 9. a4 c6 10. Bb3 Ng6 11. d4 exd4 12. cxd4 Bg4 13. Qc2 d5 14. e5 Nh5 15. a5
Bc7 16. a6 1/2-1/2

[Event "FIDE World Cup"]
[Site "Tbilisi"]
[Date "2017.09.03"]
[Round "1.1"]
[White "Pourramezanali, Amirreza"]
[Black "Yu, Yangyi"]
[Result "1/2-1/2"]
[WhiteElo "2533"]
[BlackElo "2744"]
[PlyCount "142"]
[EventDate "2017.09.03"]
[EventType "k.o."]
[EventRounds "7"]
[EventCountry "GEO"]
[SourceTitle "CBM 181"]
[Source "ChessBase"]
[SourceDate "2017.11.10"]
[SourceVersion "1"]
[SourceVersionDate "2017.11.10"]
[SourceQuality "1"]

1. d4 Nf6 2. Bf4 b6 3. e3 Bb7 4. Nd2 g6 5. h3 Bg7 6. Ngf3 O-O 7. Be2 d6 8. O-O
Nbd7 9. a4 a6 10. Bh2 Ne4 11. Nxe4 Bxe4 12. c3 e5 13. Qb3 Qe7 14. Rfd1 Bb7 15.
a5 b5 16. dxe5 Nxe5 17. Nxe5 dxe5 18. Rd2 Rfd8 19. Rad1 c5 20. Rxd8+ Rxd8 21.
Rxd8+ Qxd8 22. Qd1 Qxd1+ 23. Bxd1 f5 24. Bg3 Kf7 25. f3 Ke6 26. b3 Bd5 27. Be1
Bf6 28. Bc2 e4 29. fxe4 fxe4 30. Kf2 Bd8 31. c4 bxc4 32. bxc4 Bxc4 33. Bxe4
Bh4+ 34. g3 Bf6 35. Bc2 Kd5 36. h4 Kc6 37. Ba4+ Bb5 38. Bc2 Kd5 39. h5 gxh5 40.
Bxh7 h4 41. Kg2 hxg3 42. Kxg3 c4 43. e4+ Kd4 44. Bf2+ Kc3 45. Kf4 Kb2 46. e5
Be7 47. e6 c3 48. Bd4 Kb3 49. Be3 c2 50. Ke5 Kc3 51. Bc1 Bc4 52. Be4 Bb5 53.
Bg6 Kb3 54. Be4 Bb4 55. Bg6 Bc3+ 56. Kd6 Bb4+ 57. Ke5 Be7 58. Be4 Kc3 59. Bg6
Ba4 60. Be4 Kc4 61. Bg6 Kb4 62. Bd2+ Ka3 63. Bd3 Kb2 64. Bxa6 Bb4 65. Bg5 Bxa5
66. e7 Bb4 67. Ke6 Be8 68. Bc8 Bh5 69. Bb7 c1=Q 70. Bxc1+ Kxc1 71. Bc6 Bxe7
1/2-1/2

[Event "FIDE World Cup"]
[Site "Tbilisi"]
[Date "2017.09.03"]
[Round "1.1"]
[White "Rapport, Richard"]
[Black "Cordova, Emilio"]
[Result "1-0"]
[WhiteElo "2675"]
[BlackElo "2629"]
[PlyCount "65"]
[EventDate "2017.09.03"]
[EventType "k.o."]
[EventRounds "7"]
[EventCountry "GEO"]
[SourceTitle "CBM 181"]
[Source "ChessBase"]
[SourceDate "2017.11.10"]
[SourceVersion "1"]
[SourceVersionDate "2017.11.10"]
[SourceQuality "1"]

1. d4 Nf6 2. c4 e6 3. g3 d5 4. Bg2 Bb4+ 5. Bd2 Be7 6. cxd5 exd5 7. Nc3 O-O 8.
Nh3 c6 9. O-O Bf5 10. Kh1 Nbd7 11. f3 Nb6 12. Nf4 Nc4 13. Bc1 Bb4 14. Qb3 a5
15. e4 Bg6 16. e5 Ne8 17. Nce2 Nc7 18. Nxg6 hxg6 19. Qd3 a4 20. Bh3 f5 21. a3
Ba5 22. Rg1 Ne6 23. f4 Bb6 24. g4 Qh4 25. gxf5 gxf5 26. Bxf5 Rae8 27. Bg6 Nxd4
28. Nxd4 Bxd4 29. Qxd4 Rxe5 30. Be4 c5 31. Bxd5+ Kh8 32. Qxc4 Rh5 33. Qe2 1-0

[Event "FIDE World Cup"]
[Site "Tbilisi"]
[Date "2017.09.03"]
[Round "1.1"]
[White "Ruiz Castillo, Joshua Daniel"]
[Black "So, Wesley"]
[Result "0-1"]
[WhiteElo "2377"]
[BlackElo "2810"]
[PlyCount "118"]
[EventDate "2017.09.03"]
[EventType "k.o."]
[EventRounds "7"]
[EventCountry "GEO"]
[SourceTitle "CBM 181"]
[Source "ChessBase"]
[SourceDate "2017.11.10"]
[SourceVersion "1"]
[SourceVersionDate "2017.11.10"]
[SourceQuality "1"]

1. e4 c6 2. d4 d5 3. Nc3 dxe4 4. Nxe4 Bf5 5. Ng3 Bg6 6. h4 h6 7. Nf3 Nd7 8. h5
Bh7 9. Bd3 Bxd3 10. Qxd3 e6 11. Bf4 Qa5+ 12. Bd2 Bb4 13. a3 Bxd2+ 14. Qxd2
Qxd2+ 15. Nxd2 Ngf6 16. O-O-O Ke7 17. Nde4 Rad8 18. Rhe1 Nxe4 19. Rxe4 Nf6 20.
Re5 Ng4 21. Re2 Rd5 22. c4 Rd7 23. f3 Nf6 24. Re5 Rc8 25. Nf5+ Kf8 26. Ne3 Rcd8
27. Nc2 b6 28. Rde1 Rd6 29. c5 Rd5 30. cxb6 axb6 31. g4 R5d6 32. b4 Nd5 33. Kb2
Nf4 34. R1e3 f6 35. R5e4 e5 36. dxe5 Nd3+ 37. Kc3 fxe5 38. a4 Nf2 39. Rxe5 Nd1+
40. Kc4 Nxe3+ 41. Rxe3 Rd5 42. Rc3 Kf7 43. Ne3 b5+ 44. axb5 cxb5+ 45. Kb3 Rd3
46. Nf5 Kf6 47. Kc2 Rd2+ 48. Kc1 Rd1+ 49. Kc2 R8d2+ 50. Kb3 Rd3 51. Ne3 Rb1+
52. Kc2 Rxc3+ 53. Kxc3 Ke5 54. Nf5 Rf1 55. Nxg7 Rxf3+ 56. Kd2 Kf4 57. Nf5 Kxg4
58. Nxh6+ Kxh5 59. Ng8 Rf7 0-1

[Event "FIDE World Cup"]
[Site "Tbilisi"]
[Date "2017.09.03"]
[Round "1.1"]
[White "Sadorra, Julio Catalino"]
[Black "Matlakov, Maxim"]
[Result "0-1"]
[WhiteElo "2575"]
[BlackElo "2728"]
[PlyCount "94"]
[EventDate "2017.09.03"]
[EventType "k.o."]
[EventRounds "7"]
[EventCountry "GEO"]
[SourceTitle "CBM 181"]
[Source "ChessBase"]
[SourceDate "2017.11.10"]
[SourceVersion "1"]
[SourceVersionDate "2017.11.10"]
[SourceQuality "1"]

1. d4 Nf6 2. c4 e6 3. Nc3 Bb4 4. Qc2 d5 5. cxd5 exd5 6. Bg5 h6 7. Bh4 g5 8. Bg3
Nc6 9. e3 h5 10. Be5 Bxc3+ 11. bxc3 Nxe5 12. dxe5 Nd7 13. f4 gxf4 14. exf4 Nc5
15. Nf3 Bg4 16. Nd4 c6 17. Bd3 Qh4+ 18. g3 Nxd3+ 19. Qxd3 Qe7 20. h3 Bd7 21.
Rb1 b6 22. Kf2 Qa3 23. Qc2 O-O-O 24. Rb3 Qa6 25. Rhb1 Kb8 26. Kg2 c5 27. Nb5
Bxb5 28. Rxb5 d4 29. cxd4 Qb7+ 30. Kf2 Rxd4 31. Qxc5 Rd2+ 32. Ke1 Rc8 33. Qxc8+
Kxc8 34. Kxd2 Qg2+ 35. Ke3 Qxg3+ 36. Ke4 Qg2+ 37. Ke3 Qxh3+ 38. Ke4 Qg2+ 39.
Ke3 Qxa2 40. f5 Qc2 41. e6 fxe6 42. fxe6 Qg6 43. Rc1+ Kb7 44. Re5 Qh6+ 45. Kd3
Qxc1 46. e7 Qd1+ 47. Ke3 Qb3+ 0-1

[Event "FIDE World Cup"]
[Site "Tbilisi"]
[Date "2017.09.03"]
[Round "1.1"]
[White "Sevian, Samuel"]
[Black "Nisipeanu, Liviu Dieter"]
[Result "1/2-1/2"]
[WhiteElo "2620"]
[BlackElo "2687"]
[PlyCount "42"]
[EventDate "2017.09.03"]
[EventType "k.o."]
[EventRounds "7"]
[EventCountry "GEO"]
[SourceTitle "CBM 181"]
[Source "ChessBase"]
[SourceDate "2017.11.10"]
[SourceVersion "1"]
[SourceVersionDate "2017.11.10"]
[SourceQuality "1"]

1. e4 e5 2. Nf3 Nf6 3. Nxe5 d6 4. Nf3 Nxe4 5. d4 d5 6. Bd3 Be7 7. O-O Bf5 8.
Re1 O-O 9. c4 Nc6 10. cxd5 Qxd5 11. Nc3 Nxc3 12. bxc3 Rae8 13. Rb1 Bxd3 14.
Qxd3 b6 15. c4 Qd7 16. d5 Bf6 17. Bf4 Na5 18. h3 Nb7 19. Nh2 Be7 20. Ng4 Bd6
21. Bxd6 Qxd6 1/2-1/2

[Event "FIDE World Cup"]
[Site "Tbilisi"]
[Date "2017.09.03"]
[Round "1.1"]
[White "Smirnov, Anton"]
[Black "Karjakin, Sergey"]
[Result "1/2-1/2"]
[WhiteElo "2508"]
[BlackElo "2773"]
[PlyCount "59"]
[EventDate "2017.09.03"]
[EventType "k.o."]
[EventRounds "7"]
[EventCountry "GEO"]
[SourceTitle "CBM 181"]
[Source "ChessBase"]
[SourceDate "2017.11.10"]
[SourceVersion "1"]
[SourceVersionDate "2017.11.10"]
[SourceQuality "1"]

1. d4 Nf6 2. c4 e6 3. Nf3 d5 4. Nc3 Nbd7 5. Bf4 dxc4 6. e3 b5 7. Nxb5 Bb4+ 8.
Nc3 Nd5 9. a3 Nxc3 10. Qd2 Nd5 11. axb4 Nxf4 12. exf4 Bb7 13. Be2 O-O 14. O-O
Nb6 15. Rfd1 Qd6 16. Ne5 a6 17. Rac1 Rfb8 18. Nxc4 Nxc4 19. Rxc4 Bd5 20. Rc5
Rb6 21. Rdc1 c6 22. Bc4 h6 23. Bxd5 exd5 24. g3 Qd7 25. b5 axb5 26. Re1 Rba6
27. Rc3 Ra1 28. Rce3 Rxe1+ 29. Rxe1 Re8 30. Rxe8+ 1/2-1/2

[Event "FIDE World Cup"]
[Site "Tbilisi"]
[Date "2017.09.03"]
[Round "1.1"]
[White "Tari, Aryan"]
[Black "Howell, David"]
[Result "1/2-1/2"]
[WhiteElo "2591"]
[BlackElo "2702"]
[PlyCount "57"]
[EventDate "2017.09.03"]
[EventType "k.o."]
[EventRounds "7"]
[EventCountry "GEO"]
[SourceTitle "CBM 181"]
[Source "ChessBase"]
[SourceDate "2017.11.10"]
[SourceVersion "1"]
[SourceVersionDate "2017.11.10"]
[SourceQuality "1"]

1. e4 e5 2. Nf3 Nc6 3. d4 exd4 4. Nxd4 Bc5 5. Nb3 Bb6 6. Nc3 Nf6 7. Qe2 O-O 8.
Bg5 Nd4 9. Qd2 Nxb3 10. axb3 h6 11. Be3 c6 12. Bxb6 Qxb6 13. O-O-O Re8 14. f3
d5 15. exd5 Nxd5 16. Nxd5 cxd5 17. Qxd5 Be6 18. Qd4 Qc7 19. Qc3 Qe7 20. Bd3
Rac8 21. Qd4 Bxb3 22. Rhe1 Be6 23. f4 Qc5 24. Qxc5 Rxc5 25. b4 Rc7 26. f5 Bd7
27. Rxe8+ Bxe8 28. Kd2 Kf8 29. g4 1/2-1/2

[Event "FIDE World Cup"]
[Site "Tbilisi"]
[Date "2017.09.03"]
[Round "1.1"]
[White "Vakhidov, Jahongir"]
[Black "Svidler, Peter"]
[Result "0-1"]
[WhiteElo "2529"]
[BlackElo "2751"]
[PlyCount "60"]
[EventDate "2017.09.03"]
[EventType "k.o."]
[EventRounds "7"]
[EventCountry "GEO"]
[SourceTitle "CBM 181"]
[Source "ChessBase"]
[SourceDate "2017.11.10"]
[SourceVersion "1"]
[SourceVersionDate "2017.11.10"]
[SourceQuality "1"]

1. Nf3 c5 2. c4 Nc6 3. Nc3 Nf6 4. e3 e6 5. d4 d5 6. a3 cxd4 7. exd4 Be7 8. c5
Ne4 9. Qc2 Nxc3 10. Qxc3 a5 11. Bd3 O-O 12. b4 axb4 13. axb4 Rxa1 14. Qxa1 Nxb4
15. Bxh7+ Kxh7 16. Qb1+ Kg8 17. Qxb4 b6 18. Bf4 bxc5 19. dxc5 f6 20. Nd4 Bd7
21. Nb3 e5 22. Bd2 Qb8 23. Qb6 Qxb6 24. cxb6 Rb8 25. Ba5 Ba4 26. Nc1 Ra8 27.
Bd2 Ra6 28. O-O Rxb6 29. Ne2 Rb2 30. Nc3 Bc6 0-1

[Event "FIDE World Cup"]
[Site "Tbilisi"]
[Date "2017.09.03"]
[Round "1.1"]
[White "Vallejo Pons, Francisco"]
[Black "Karthikeyan, Murali"]
[Result "1-0"]
[WhiteElo "2717"]
[BlackElo "2579"]
[PlyCount "127"]
[EventDate "2017.09.03"]
[EventType "k.o."]
[EventRounds "7"]
[EventCountry "GEO"]
[SourceTitle "CBM 181"]
[Source "ChessBase"]
[SourceDate "2017.11.10"]
[SourceVersion "1"]
[SourceVersionDate "2017.11.10"]
[SourceQuality "1"]

1. d4 Nf6 2. c4 e6 3. Nf3 d5 4. g3 Bb4+ 5. Nbd2 O-O 6. Bg2 b6 7. O-O Bb7 8. Ne5
Nbd7 9. Qa4 Bd6 10. Nxd7 Qxd7 11. Qxd7 Nxd7 12. cxd5 exd5 13. Nc4 Be7 14. Bf4
c6 15. Nd6 Bxd6 16. Bxd6 Rfe8 17. Rfe1 Nf8 18. Rac1 Rad8 19. Ba3 Ne6 20. e3 f5
21. h4 Kf7 22. f3 Rc8 23. Bd6 c5 24. Be5 Ba6 25. Rc3 Bc4 26. Rec1 a5 27. a4 Ba6
28. f4 Red8 29. Bh3 g6 30. g4 cxd4 31. exd4 Rxc3 32. Rxc3 fxg4 33. Bxg4 Rc8 34.
Rb3 Rc6 35. Bf3 Bc4 36. Re3 Ba2 37. b3 Nc7 38. Bxc7 Rxc7 39. Bxd5+ Kf6 40. Kf2
Rd7 41. Re5 Bb1 42. Ke3 Bf5 43. Be4 Be6 44. Bc6 Rd8 45. d5 Bf7 46. Kd4 Rc8 47.
Re1 Rd8 48. b4 axb4 49. Rb1 Be8 50. Bxe8 Rxe8 51. Rxb4 Kf5 52. Rxb6 Re4+ 53.
Kc5 Rxa4 54. Rb7 h5 55. d6 Kg4 56. d7 Ra8 57. Rb1 Kxh4 58. Rg1 Rg8 59. Kd5 Kh3
60. Rxg6 Rxg6 61. d8=Q Rg3 62. Ke4 h4 63. f5 Kg2 64. Qxh4 1-0

[Event "FIDE World Cup"]
[Site "Tbilisi"]
[Date "2017.09.03"]
[Round "1.1"]
[White "Wojtaszek, Radoslaw"]
[Black "El Debs, Felipe de Cresce"]
[Result "1-0"]
[WhiteElo "2745"]
[BlackElo "2531"]
[PlyCount "83"]
[EventDate "2017.09.03"]
[EventType "k.o."]
[EventRounds "7"]
[EventCountry "GEO"]
[SourceTitle "CBM 181"]
[Source "ChessBase"]
[SourceDate "2017.11.10"]
[SourceVersion "1"]
[SourceVersionDate "2017.11.10"]
[SourceQuality "1"]

1. d4 Nf6 2. c4 e6 3. Nf3 b6 4. a3 Bb7 5. Nc3 d5 6. cxd5 Nxd5 7. Qc2 Be7 8. e4
Nxc3 9. bxc3 O-O 10. Bd3 c5 11. O-O Qc7 12. Qe2 Nd7 13. a4 Rfd8 14. Bd2 Nf8 15.
a5 Ng6 16. g3 Bc6 17. h4 h6 18. Rfe1 Bf6 19. h5 Nf8 20. Bf4 Qe7 21. Qe3 cxd4
22. cxd4 Qd7 23. Be5 Bxe5 24. Nxe5 Qd6 25. Red1 Be8 26. Be2 bxa5 27. Rxa5 Qb4
28. Ra6 Nh7 29. d5 exd5 30. exd5 Nf6 31. Rxf6 gxf6 32. Ng4 Qf8 33. Nxf6+ Kh8
34. Rd4 Qg7 35. Qe7 Bd7 36. Rf4 Qg5 37. Qe4 Qg7 38. Bd3 a5 39. Qe7 Qg5 40. Bg6
Rg8 41. Qxd7 Rg7 42. Qc6 1-0

[Event "FIDE World Cup"]
[Site "Tbilisi"]
[Date "2017.09.03"]
[Round "1.1"]
[White "Xiong, Jeffery"]
[Black "Motylev, Alexander"]
[Result "1/2-1/2"]
[WhiteElo "2633"]
[BlackElo "2675"]
[PlyCount "29"]
[EventDate "2017.09.03"]
[EventType "k.o."]
[EventRounds "7"]
[EventCountry "GEO"]
[SourceTitle "CBM 181"]
[Source "ChessBase"]
[SourceDate "2017.11.10"]
[SourceVersion "1"]
[SourceVersionDate "2017.11.10"]
[SourceQuality "1"]

1. d4 d5 2. c4 c6 3. Nf3 Nf6 4. Qb3 a6 5. Bf4 dxc4 6. Qxc4 b5 7. Qb3 e6 8. a4
Be7 9. e3 Bb7 10. Be2 O-O 11. O-O Nbd7 12. Rd1 c5 13. axb5 axb5 14. Rxa8 Qxa8
15. Qxb5 1/2-1/2

[Event "FIDE World Cup"]
[Site "Tbilisi"]
[Date "2017.09.04"]
[Round "1.2"]
[White "Adhiban, Baskaran"]
[Black "Nguyen, Ngoc Truong Son"]
[Result "1/2-1/2"]
[WhiteElo "2677"]
[BlackElo "2629"]
[PlyCount "67"]
[EventDate "2017.09.03"]
[EventType "k.o."]
[EventRounds "7"]
[EventCountry "GEO"]
[SourceTitle "CBM 181"]
[Source "ChessBase"]
[SourceDate "2017.11.10"]
[SourceVersion "1"]
[SourceVersionDate "2017.11.10"]
[SourceQuality "1"]

1. d4 Nf6 2. c4 e6 3. g3 d5 4. Bg2 Bb4+ 5. Nd2 O-O 6. Ngf3 b6 7. O-O Bb7 8. b3
Nbd7 9. Bb2 Ne4 10. Rc1 Rb8 11. Qc2 Nxd2 12. Nxd2 Qe7 13. e3 Rfc8 14. cxd5 exd5
15. Nf3 Bd6 16. Rfd1 Qe6 17. Ng5 Qg6 18. Qxg6 hxg6 19. Nf3 f6 20. h4 Re8 21.
Rc2 Nf8 22. Bf1 Ne6 23. Bb5 Re7 24. Kg2 Kf7 25. Rh1 Rh8 26. Rcc1 Nd8 27. Nd2
Ne6 28. Nf3 Nd8 29. a4 a5 30. Ra1 Ne6 31. Rhc1 Rc8 32. Rc2 c5 33. Ba3 Rec7 34.
Rac1 1/2-1/2

[Event "FIDE World Cup"]
[Site "Tbilisi"]
[Date "2017.09.04"]
[Round "1.2"]
[White "Aleksandrov, Aleksej"]
[Black "Najer, Evgeniy"]
[Result "1/2-1/2"]
[WhiteElo "2580"]
[BlackElo "2707"]
[PlyCount "75"]
[EventDate "2017.09.03"]
[EventType "k.o."]
[EventRounds "7"]
[EventCountry "GEO"]
[SourceTitle "CBM 181"]
[Source "ChessBase"]
[SourceDate "2017.11.10"]
[SourceVersion "1"]
[SourceVersionDate "2017.11.10"]
[SourceQuality "1"]

1. d4 Nf6 2. Bf4 d5 3. e3 e6 4. Nd2 c5 5. c3 Nc6 6. Ngf3 Bd6 7. Bg3 O-O 8. Bb5
Qe7 9. Bxc6 bxc6 10. Qa4 Bxg3 11. hxg3 cxd4 12. cxd4 Rb8 13. Nb3 Rb6 14. O-O
Ra6 15. Na5 c5 16. dxc5 Qxc5 17. b4 Qd6 18. a3 e5 19. Rfc1 e4 20. Nd4 Ng4 21.
Rc6 Rxc6 22. Qxc6 Qe5 23. Rc1 g6 24. Qc7 Qh5 25. Nac6 Qh2+ 26. Kf1 Qh1+ 27. Ke2
Qxg2 28. Qf4 Bd7 29. Ne7+ Kh8 30. Rf1 f6 31. Qd6 Nxf2 32. Nxg6+ hxg6 33. Qxf8+
Kh7 34. Qf7+ Kh6 35. Qf8+ Kh7 36. Qf7+ Kh6 37. Qf8+ Kh7 38. Qf7+ 1/2-1/2

[Event "FIDE World Cup"]
[Site "Tbilisi"]
[Date "2017.09.04"]
[Round "1.2"]
[White "Anand, Viswanathan"]
[Black "Yeoh, Li Tian"]
[Result "1/2-1/2"]
[WhiteElo "2783"]
[BlackElo "2478"]
[PlyCount "142"]
[EventDate "2017.09.03"]
[EventType "k.o."]
[EventRounds "7"]
[EventCountry "GEO"]
[SourceTitle "CBM 181"]
[Source "ChessBase"]
[SourceDate "2017.11.10"]
[SourceVersion "1"]
[SourceVersionDate "2017.11.10"]
[SourceQuality "1"]

1. e4 c6 2. d4 d5 3. e5 Bf5 4. Nf3 e6 5. Be2 Nd7 6. O-O Bg6 7. Nbd2 Nh6 8. c3
Be7 9. Nb3 O-O 10. Bd3 c5 11. Bxg6 hxg6 12. h3 Rc8 13. g4 c4 14. Nbd2 f6 15.
exf6 Bxf6 16. Re1 Rc6 17. Nf1 Nf7 18. Bf4 Re8 19. Re3 Be7 20. Qc2 g5 21. Bg3 b5
22. Rae1 Nf8 23. R3e2 b4 24. Qa4 Qb6 25. Ne3 Rd8 26. Rc1 Qb7 27. Qd1 Rdc8 28.
cxb4 Bxb4 29. b3 Ba3 30. Rb1 c3 31. Qd3 Qa6 32. Qxa6 Rxa6 33. Rc2 Nd7 34. Ne1
Bd6 35. Rbc1 Rac6 36. Nd3 Ba3 37. Re1 a5 38. Ree2 Kf8 39. f3 Be7 40. Rc1 Ba3
41. Rcc2 Nd6 42. Bxd6+ Bxd6 43. Re1 Bb8 44. Rcc1 Kf7 45. Nc2 Nf8 46. Kf2 Ng6
47. a3 Rh8 48. Kg2 Nh4+ 49. Kf2 Ng6 50. Kg2 Nf4+ 51. Nxf4 Bxf4 52. Rb1 e5 53.
dxe5 Rxh3 54. Rh1 Rxh1 55. Rxh1 Bxe5 56. Kf2 Rb6 57. b4 axb4 58. axb4 Bd6 59.
Ke2 Bxb4 60. Kd3 Be7 61. Kxc3 Bf6+ 62. Kd2 Rb3 63. Ke2 Ke6 64. Rd1 Ke5 65. Ne1
Rb2+ 66. Rd2 Rb8 67. Nd3+ Kd6 68. Ra2 Rh8 69. Ra6+ Kc7 70. Nb4 Rd8 71. Ra5 Kb6
1/2-1/2

[Event "FIDE World Cup"]
[Site "Tbilisi"]
[Date "2017.09.04"]
[Round "1.2"]
[White "Anton Guijarro, David"]
[Black "Bruzon Batista, Lazaro"]
[Result "1/2-1/2"]
[WhiteElo "2654"]
[BlackElo "2643"]
[PlyCount "81"]
[EventDate "2017.09.03"]
[EventType "k.o."]
[EventRounds "7"]
[EventCountry "GEO"]
[SourceTitle "CBM 181"]
[Source "ChessBase"]
[SourceDate "2017.11.10"]
[SourceVersion "1"]
[SourceVersionDate "2017.11.10"]
[SourceQuality "1"]

1. Nf3 Nf6 2. g3 b6 3. Bg2 Bb7 4. O-O e6 5. d3 d5 6. Nbd2 Nbd7 7. Re1 Bc5 8. c4
O-O 9. a3 a5 10. cxd5 exd5 11. Nb3 Be7 12. Nbd4 Re8 13. Bf4 Nh5 14. Bd2 a4 15.
b4 axb3 16. Qxb3 Nhf6 17. a4 Ra6 18. Qc2 c5 19. Nb5 d4 20. Bf4 Nd5 21. Nd2 Nb4
22. Qb3 Bxg2 23. Kxg2 Qa8+ 24. Kg1 Nd5 25. Ne4 Nf8 26. Nc7 Nxc7 27. Bxc7 Qa7
28. Bd6 Ne6 29. f4 Rd8 30. Be5 h6 31. h4 Nf8 32. Qb5 Rc8 33. Reb1 Nd7 34. Bd6
Ra5 35. Qb3 Bd8 36. Be5 Be7 37. Bd6 Bd8 38. Be5 Be7 39. Nd2 b5 40. Qd1 bxa4 41.
Nc4 1/2-1/2

[Event "FIDE World Cup"]
[Site "Tbilisi"]
[Date "2017.09.04"]
[Round "1.2"]
[White "Artemiev, Vladislav"]
[Black "Bok, Benjamin"]
[Result "1-0"]
[WhiteElo "2692"]
[BlackElo "2615"]
[PlyCount "65"]
[EventDate "2017.09.03"]
[EventType "k.o."]
[EventRounds "7"]
[EventCountry "GEO"]
[SourceTitle "CBM 181"]
[Source "ChessBase"]
[SourceDate "2017.11.10"]
[SourceVersion "1"]
[SourceVersionDate "2017.11.10"]
[SourceQuality "1"]

1. e4 c5 2. Nf3 d6 3. Nc3 Nf6 4. e5 dxe5 5. Nxe5 a6 6. g3 Qc7 7. d4 cxd4 8.
Qxd4 Nc6 9. Nxc6 Qxc6 10. Bg5 Bg4 11. Bxf6 gxf6 12. Qxg4 Qxh1 13. Qa4+ b5 14.
Nxb5 Bh6 15. Nc7+ Kf8 16. Nxa8 Qxa8 17. Qxa6 Qe4+ 18. Qe2 Qb7 19. c3 Kg7 20.
Rd1 Ra8 21. a3 Rb8 22. b4 Qa8 23. Qg4+ Kf8 24. Bd3 Qxa3 25. Bxh7 Qxc3+ 26. Kf1
Bg7 27. Qd7 Bh6 28. Rd4 Kg7 29. Bd3 e6 30. Rg4+ Bg5 31. h4 Qc1+ 32. Kg2 Qd1 33.
Qd4 1-0